In a different voice : (Record no. 1187)

MARC details
000 -LEADER
fixed length control field 01160cam a2200289 a 4500
005 - DATE AND TIME OF LATEST TRANSACTION
control field 20260322212050.0
008 - FIXED-LENGTH DATA ELEMENTS--GENERAL INFORMATION
fixed length control field data
010 ## - LIBRARY OF CONGRESS CONTROL NUMBER
LC control number 93243596
020 ## - INTERNATIONAL STANDARD BOOK NUMBER
International Standard Book Number 0674445449
020 ## - INTERNATIONAL STANDARD BOOK NUMBER
International Standard Book Number 9780674445444
040 ## - CATALOGING SOURCE
Original cataloging agency DLC
Transcribing agency DLC
Modifying agency OrLoB-B
-- OrLoB-B
050 00 - LIBRARY OF CONGRESS CALL NUMBER
Classification number HQ1206
Item number .G58 1993
082 00 - DEWEY DECIMAL CLASSIFICATION NUMBER
Classification number 305.42
Edition information 20
092 ## - LOCALLY ASSIGNED DEWEY CALL NUMBER (OCLC)
Classification number 305.42 G555 1993
001 - CONTROL NUMBER
control field data
100 1# - MAIN ENTRY--PERSONAL NAME
Personal name Gilligan, Carol,
Dates associated with a name 1936-
245 10 - TITLE STATEMENT
Title In a different voice :
Remainder of title psychological theory and women's development /
Statement of responsibility, etc. Carol Gilligan.
260 ## - PUBLICATION, DISTRIBUTION, ETC.
Place of publication, distribution, etc. Cambridge, Mass. :
Name of publisher, distributor, etc. Harvard University Press,
Date of publication, distribution, etc. 1993.
300 ## - PHYSICAL DESCRIPTION
Extent xxvii, 184 p. ;
Dimensions 21 cm.
500 ## - GENERAL NOTE
General note Originally published: 1982. With new introduction.
504 ## - BIBLIOGRAPHY, ETC. NOTE
Bibliography, etc. note Includes bibliographical references (p. [177]-180) and index.
505 00 - FORMATTED CONTENTS NOTE
Miscellaneous information 6.
Title Visions of Maturity.
Miscellaneous information 2.
Title Images of Relationship --
Miscellaneous information 3.
Title Concepts of Self and Morality --
Miscellaneous information 4.
Title Crisis and Transition --
Miscellaneous information 5.
Title Women's Rights and Women's Judgment --
Miscellaneous information 6.
Title Visions of Maturity.
650 #0 - SUBJECT ADDED ENTRY--TOPICAL TERM
Topical term or geographic name entry element Women
General subdivision Psychology
Form subdivision Longitudinal studies.
650 #0 - SUBJECT ADDED ENTRY--TOPICAL TERM
Topical term or geographic name entry element Developmental psychology
Form subdivision Longitudinal studies.
650 #0 - SUBJECT ADDED ENTRY--TOPICAL TERM
Topical term or geographic name entry element Moral development
Form subdivision Longitudinal studies.
650 #2 - SUBJECT ADDED ENTRY--TOPICAL TERM
Topical term or geographic name entry element Women
General subdivision psychology.
Holdings
Withdrawn status Lost status Damaged status Not for loan Home library Current library Shelving location Date acquired Total checkouts Full call number Barcode Date last seen Price effective from Koha item type
        Centerville Centerville General stacks 22/03/2026   305.42 20 BC0011226 22/03/2026 22/03/2026 Books